000 00852nas a2200265 4500
001 BR2010000548
003 BR-BrBNA
005 20231205113907.0
007 ta
008 230509b bl.|||p| |||| 00| 00por d
040 _aBR-BrBNA
_bpor
_cBiblioteca Nacional de Agricultura
041 _a(Pt)
072 _aF02
100 1 _aFlores, R.
100 1 _aNicoloso, F.T.
100 1 _aMaldaner, J.
100 1 _aGarlet, T.M.B.
245 1 _aBenzilaminopurina (BAP)e thidiazuron (TDZ)na propagação in vitro de Pfaffia glomerata (Spreng.)Pederson
650 _aMACELA BRANCA
650 _aCULTURA IN VITRO
650 _aPROPAGAÇÃO VEGETATIVA
773 0 _tRevista Brasileira de Plantas Medicinais (Brazil)
_xISSN 1516-0672
_g(Aug 2009), v. 11(3) p. 292-299
_wBR2010000548
909 _a202311
_bLúcia
_c55
_dLúcia Elande
942 _2AGRIS
_n0
_cANA
999 _c206153
_d206153